Bilecik Bilecik Bilecik Bilecik Bilecik

AT işletmeleriyle bütünleşmede teknolojinin stratejik yönetimi/ (Record no. 14115)

MARC details
000 -BAŞLIK
Sabit Uzunluktaki Kontrol Alanı 01268nam a22003857a 4500
001 - KONTROL NUMARASI
Control Dosyası 0014152
003 - KONTROL NUMARASI KİMLİĞİ
Kontrol Alanı KOHA_MİRAKIL
005 - EN SON İŞLEM TARİHİ ve ZAMANI
Kontrol Alanı 20260207001944.0
007 - FİZİKSEL TANIM SABİT ALAN - GENEL BİLGİ
Sabit uzunluklu kontrol alanı ta
008 - SABİT UZUNLUKTAKİ VERİ ÖGELERİ - GENEL BİLGİ
Sabit Alan 100225b1992 tu |||gr||||#||||0|tur |
020 ## - ISBN - ULUSLARARASI STANDART KİTAP NUMARASI
Isbn 9754922861
040 ## - KATALOGLAMA KAYNAĞI
Özgün Kataloglama Kurumu TR-BiSEU
Kataloglama Dili tur
Çeviri Kurumu TR-BiSEU
Açıklama Kuralları rda
041 0# - DİL KODU
Metin ya da ses kaydının dil kodu tur
044 ## - YAYINLAYAN/ÜRETEN KURULUŞUN ÜLKE KODU
ISO country code tu
050 ## - SINIFLAMA ve YER NUMARASI
Sınıflama Numarası HC241.25
Yer Numarası .A33 1992
100 1# - KİŞİ ADI
Yazar Adı (Kişi adı) Akdemir, Ali.
245 1# - ESER ADI BİLDİRİMİ
Başlık AT işletmeleriyle bütünleşmede teknolojinin stratejik yönetimi/
Sorumluluk Bildirimi Ali Akdemir ; Ali Akdemir.
264 #1 - ÜRERİM, YAYIN, DAĞITIM ve TELİF BİLDİRİMİ
Yayın yeri Eskişehir :
Yayınlayan Anadolu Üniversitesi
Yayın tarihi 1992
300 ## - FİZİKSEL TANIMLAMA
Sayfa, Cilt vb. xxxvi, 318 sayfa; 25 cm.
336 ## - İÇERİK TÜRÜ
Content type term metin
Content type code txt
Source rdacontent
337 ## - MEDYA TÜRÜ
Media type term aracısız
Media type code n
Source rdamedia
338 ## - TAŞIYICI TÜRÜ
Carrier type term cilt
Carrier type code nc
Source rdacarrier
490 1# - DİZİ BİLDİRİMİ
Dizi Bildirimi Anadolu Üniversitesi Yayınları ;
Cilt Numarası No.
490 1# - DİZİ BİLDİRİMİ
Dizi Bildirimi 555.
490 1# - DİZİ BİLDİRİMİ
Dizi Bildirimi Kütahya İktisadi İdari Bilimler Fakültesi ;
Cilt Numarası No.
490 1# - DİZİ BİLDİRİMİ
Dizi Bildirimi 8
500 ## - GENEL NOT
Genel Not Kaynakça var.
650 #0 - KONU BAŞLIĞI EK GİRİŞ - KONU TERİMİ
Konusal terim veya coğrafi ad Technology transfer--European Economic Community.
9 (RLIN) 33130
650 #0 - KONU BAŞLIĞI EK GİRİŞ - KONU TERİMİ
Konusal terim veya coğrafi ad Strategic planning --European Economic Community.
9 (RLIN) 33131
830 1# - SERİ EK GİRİŞİ - TEKBİÇİM ESER ADI
Tekbiçim Başlık Anadolu Üniversitesi Yayınları ;
Volume number/sequential designation No.
9 (RLIN) 16074
830 1# - SERİ EK GİRİŞİ - TEKBİÇİM ESER ADI
Tekbiçim Başlık 555.
9 (RLIN) 27433
830 1# - SERİ EK GİRİŞİ - TEKBİÇİM ESER ADI
Tekbiçim Başlık Kütahya İktisadi İdari Bilimler Fakültesi ;
Volume number/sequential designation No.
9 (RLIN) 33132
830 1# - SERİ EK GİRİŞİ - TEKBİÇİM ESER ADI
Tekbiçim Başlık 8
9 (RLIN) 9952
942 ## - EK GİRİŞ ÖGELERİ (KOHA)
Source of classification or shelving scheme Library of Congress Classification
Koha item type Book
Holdings
Materyal Türü Kalıcı Konum Mevcut Konum Raf Yeri Sınıflandırma Kaynağı Edinim Bilgisi Ana Konular Alt Konular Yer Numarası Demirbaş Numarası Fatura Tarihi Geri Çekilme Durumu Kayıp Durumu Hasarlı Durumu Kredi için değil Kayıt Tarih Toplam Ödünçverme Son Görülme Tarihi Son Kontrol Tarihi Genel / Bağış Notu
Book Prof. Dr. Azmi Özcan Kütüphanesi Prof. Dr. Azmi Özcan Kütüphanesi Uluğbey Salonu Library of Congress Classification Bağış SOSYAL BİLİMLER Ekonomi Tarihi ve Koşulları HC241.25 .A33 1992 0014152 02/02/2026         25/02/2010 1 05/12/2024 05/12/2024 Genel Bağış